00607nam a22001817a 450000500170000001000150001702000260003203500140005803700090007208200110008110000250009224500760011726000460019327000510023930000260029050000790031670000300039520250908141655.0 aENG-146674 c270.00a9789390663026 aEN-130205 bDBAD a88121 aAnand, Jernail Singh aThe Real Corporate/cJernail Singh Anand and edited by Brad Aron Modlin aHaryanabGlobal Fraternity of Poetsc2024 bHaryanaaH-23/16, DLF phase-1 Gurugrame122002 a110p.c21(pbk)bindex aAll that glitters is not gold/ Yet it is the glitter that is finally sold. aModlin, Brad AroneEditor